<?xml version="1.0" encoding="UTF-8"?>
<record
    xmlns:xsi="http://www.w3.org/2001/XMLSchema-instance"
    xsi:schemaLocation="http://www.loc.gov/MARC21/slim http://www.loc.gov/standards/marcxml/schema/MARC21slim.xsd"
    xmlns="http://www.loc.gov/MARC21/slim">

  <leader>02369agaaa2200337   4500</leader>
  <controlfield tag="001">8880</controlfield>
  <controlfield tag="003">IT-RoPAU</controlfield>
  <controlfield tag="005">20220918181236.0</controlfield>
  <controlfield tag="007">d cvaizq</controlfield>
  <controlfield tag="008">50131s9999||||xx ||| |     ||   ||und||</controlfield>
  <datafield tag="040" ind1=" " ind2=" ">
    <subfield code="a">IT-RoPAU</subfield>
    <subfield code="c">IT-RoPAU</subfield>
  </datafield>
  <datafield tag="041" ind1=" " ind2=" ">
    <subfield code="a">ITALIANO</subfield>
  </datafield>
  <datafield tag="100" ind1=" " ind2=" ">
    <subfield code="a">Mccarthy Tom</subfield>
    <subfield code="g">Codice regista SPICS: 59534</subfield>
    <subfield code="9">43081</subfield>
  </datafield>
  <datafield tag="130" ind1=" " ind2=" ">
    <subfield code="a">OSPITE INATTESO (L')</subfield>
    <subfield code="9">43082</subfield>
  </datafield>
  <datafield tag="240" ind1=" " ind2=" ">
    <subfield code="a">VISITOR (THE)</subfield>
    <subfield code="g">T3794</subfield>
  </datafield>
  <datafield tag="245" ind1=" " ind2=" ">
    <subfield code="a">OSPITE INATTESO (L')</subfield>
    <subfield code="c">Prodotto da: Swanson Berger -- Sceneggiatura: Mccarthy Thomas (Tom) -- Diretto da: Mccarthy Tom</subfield>
    <subfield code="p">OSPITE INATTESO (L') (Rif. Codice opera principale : H8880)</subfield>
  </datafield>
  <datafield tag="246" ind1=" " ind2=" ">
    <subfield code="a">VISITOR (THE)</subfield>
  </datafield>
  <datafield tag="250" ind1=" " ind2=" ">
    <subfield code="a">Edizione Standard</subfield>
  </datafield>
  <datafield tag="260" ind1=" " ind2=" ">
    <subfield code="a">(USA)</subfield>
    <subfield code="b">GROUNDSWELL PRODUCTIONS - PARTICIPANT PRO / Distribuzione: MAGAZZINO DISP</subfield>
    <subfield code="g">"2007 (1&#xB0; ed.: 2009 ; Ed. Lingua Orig.: 2007)"</subfield>
  </datafield>
  <datafield tag="300" ind1=" " ind2=" ">
    <subfield code="a">DVD</subfield>
    <subfield code="b">sonoro, col.</subfield>
    <subfield code="c">104 minuti</subfield>
  </datafield>
  <datafield tag="508" ind1=" " ind2=" ">
    <subfield code="a">"Fotografia: Bokelberg Oliver; Montaggio: Mcardle Tom; Musica: Kaczmarek Jan A.P.; Sceneggiatura: Mccarthy Thomas (Tom); Scenografia: Paino John; "</subfield>
  </datafield>
  <datafield tag="511" ind1=" " ind2=" ">
    <subfield code="a">"Jenkins Richard; Abbas Hiam; Sleiman Haaz; Gurira Danai; Seldes Marian; Moore Maggie"</subfield>
  </datafield>
  <datafield tag="520" ind1=" " ind2=" ">
    <subfield code="a">"LA MONOTONA ESISTENZA DEL PROFESSOR WALTER VALE, DOCENTE UNIVERSITARIO DI ECONOMIA, VIENE MESSA A SOQQUADRO DALL'INCONTRO CON ZAINAB E TAREK, UNA GIOVANE COPPIA DI IMMIGRATI CLANDESTINI CHE SI E' INSEDIATA, A SUA INSAPUTA, NEL SUO APPARTAMENTO DI NEW YORK. DOPO L'INIZIALE DIFFIDENZA, WALTER E TAREK, GRAZIE ALLA COMUNE PASSIONE PER LA MUSICA, INIZIANO A PASSARE MOLTO TEMPOINSIEME. QUANDO TAREK VERRA' ARRESTATO PER UNO SFORTUNATO EQUIVOCO, WALTERPRENDERA' A CUORE LA SUA SITUAZIONE PER CERCARE DI EVITARGLI L'ESPULSIONE DAL PAESE. NEL FRATTEMPO IN CITTA' ARRIVA ANCHE LA MADRE DEL RAGAZZO, MOUNA, CHE FARA' RINASCERE IN WALTER SENTIMENTI DA TEMPO SOPITI... CONTENUTI EXTRA: COMMENTO AUDIO DEL REGISTA E DELL'ATTORE RICHARD JENKINS; SUONARE IL DJAMBE'; DIETRO LE QUINTE DEL FILM; SCENE TAGLIATE; TRAILER. AMICIZIA, CLANDESTINITA'."</subfield>
  </datafield>
  <datafield tag="538" ind1=" " ind2=" ">
    <subfield code="a">PAL, STEREO</subfield>
  </datafield>
  <datafield tag="546" ind1=" " ind2=" ">
    <subfield code="a">ITALIANO</subfield>
  </datafield>
  <datafield tag="650" ind1=" " ind2=" ">
    <subfield code="a">DRAMMA - ROMANTIC</subfield>
    <subfield code="e">DVD-FILM [DVD]</subfield>
    <subfield code="x">Codice MATERIA SPICS: 9947</subfield>
    <subfield code="9">36786</subfield>
  </datafield>
  <datafield tag="700" ind1=" " ind2=" ">
    <subfield code="a">Kaczmarek Jan A.P.</subfield>
    <subfield code="e">(musica)</subfield>
    <subfield code="g">Codice Musica SPICS: 59535</subfield>
    <subfield code="9">43083</subfield>
  </datafield>
  <datafield tag="700" ind1=" " ind2=" ">
    <subfield code="a">Mccarthy Tom </subfield>
    <subfield code="e">(regista)</subfield>
    <subfield code="g">Codice regista SPICS: 59534</subfield>
    <subfield code="9">43084</subfield>
  </datafield>
  <datafield tag="700" ind1=" " ind2=" ">
    <subfield code="a">Mccarthy Tom </subfield>
    <subfield code="e">(soggetto)</subfield>
    <subfield code="g">Codice Soggetto SPICS: 59534</subfield>
    <subfield code="9">43085</subfield>
  </datafield>
  <datafield tag="942" ind1=" " ind2=" ">
    <subfield code="c">DV</subfield>
    <subfield code="2">ddc</subfield>
  </datafield>
  <datafield tag="999" ind1=" " ind2=" ">
    <subfield code="c">105737</subfield>
    <subfield code="d">105737</subfield>
  </datafield>
  <datafield tag="952" ind1=" " ind2=" ">
    <subfield code="0">0</subfield>
    <subfield code="1">0</subfield>
    <subfield code="4">0</subfield>
    <subfield code="6">H_8880_000000000000000</subfield>
    <subfield code="7">1</subfield>
    <subfield code="a">SPICS</subfield>
    <subfield code="b">SPICS</subfield>
    <subfield code="d">2015-01-31</subfield>
    <subfield code="l">0</subfield>
    <subfield code="o">H8880</subfield>
    <subfield code="r">2015-01-31 00:00:00</subfield>
    <subfield code="w">2015-01-31</subfield>
    <subfield code="y">DV</subfield>
    <subfield code="z">Progr. Ins.: 3811 / N.Vol.:1 / Copie: 1 / Pag.:0 / Copia rara: n.d. / date import: 1.2.2015 / By Epidotti, Trombetti, Vaglietti</subfield>
  </datafield>
</record>
